[Event "Open Tournament For Intermediates"]
[Site "SchemingMind.com"]
[Date "2007.03.10"]
[Round "-"]
[White "javilez"]
[Black "jjb091"]
[Result "1-0"]
[WhiteCountry "NCA"]
[BlackCountry "USA"]
[WhiteElo "1740"]
[WhiteRD "65"]
[BlackElo "1653"]
[BlackRD "77"]
[GameID "95726"]

1. d4 Nf6 2. c4 e6 3. Nc3 Bb4 4. Bd2 d5 5. e3 O-O 6. a3 Be7 7. Nf3 b6 8. Bd3 Bb7 9. b4 Ne4 10. Qc2 Nf6
11. O-O Nbd7 12. c5 Qc8 13. Na4 Ba6 14. b5 Bb7 15. c6 Bxc6 16. bxc6 Nb8 17. Ne5 a5 18. Rfc1 Na6 19. h3 Ne8 20. Nd7 Nd6
21. Nxf8 Kxf8 22. f3 Bf6 23. e4 dxe4 24. fxe4 e5 25. d5 b5 26. Nc5 Nxc5 27. Qxc5 Be7 28. Qc2 Ra6 29. a4
1-0